000 00230nam a2200097Ia 4500
008 190216s9999||||xx |||||||||||||| ||und||
100 _aTyler F
245 0 _aLaboratory Manual Of Physics
260 _bEdward Arnold Ltd
942 _cBK
999 _c32673
_d32673